000 00644nam a2200277Ia 4500
005 20260324150610.0
008 008 260324s9999 xx 000 0 eng d
020 _a9781003538318
037 _aEBOOK
040 _aCRL
040 _beng
040 _cCRL
041 _2eng
041 _aeng
084 _qCRL
100 _aG. D. Yarnold
_91226495
245 4 _aThe Spiritual Crisis of the Scientific Age
260 _bTaylor and Francis
260 _c1959
365 _a
365 _b145
856 _uhttp://www.taylorfrancis.com/books/9781003538318
942 _cEBOOK
999 _c1836693
_d1836693